Songs from the First Line(s) - 1984 - Statistics

General Stats
  • This quiz has been taken 161 times
  • The average score is 16 of 30
Answer Stats
Hint Answer % Correct
Songs If there's something strange / In your neighborhood / Who you gonna call? / Ghostbusters! / If there's something weird Song Ghostbusters
94%
Songs Time can never mend / The careless whispers of a good friend / To the heart and mind / Ignorance is kind Artist(s) Wham! / George Michael
89%
Songs Time can never mend / The careless whispers of a good friend / To the heart and mind / Ignorance is kind Song Careless Whisper
84%
Songs Jitterbug / Jitterbug / Jitterbug / Jitterbug / You put the boom-boom into my heart (do do) / You send my soul sky high when your lovin' starts Artist(s) Wham!
84%
Songs Jitterbug / Jitterbug / Jitterbug / Jitterbug / You put the boom-boom into my heart (do do) / You send my soul sky high when your lovin' starts Song Wake Me Up Before You Go-Go
76%
Songs If there's something strange / In your neighborhood / Who you gonna call? / Ghostbusters! / If there's something weird Artist(s) Ray Parker Jr.
62%
Songs It's Christmas time / There's no need to be afraid / At Christmas time / We let in light and we banish shade Artist(s) Band Aid
61%
Songs It's Christmas time / There's no need to be afraid / At Christmas time / We let in light and we banish shade Song Do They Know It's Christmas?
60%
Songs I get up in the evening / And I ain't got nothing to say / I come home in the morning / I go to bed feeling the same way Artist(s) Bruce Springsteen
59%
Songs Born down in a dead man's town / The first kick I took was when I hit the ground / You end up like a dog that's been beat too much Artist(s) Bruce Springsteen
59%
Songs Talking away / I don't know what I'm to say / I'll say it anyway / Today is another day to find you / Shying away Artist(s) A-ha
55%
Songs Born down in a dead man's town / The first kick I took was when I hit the ground / You end up like a dog that's been beat too much Song Born In The U.S.A.
54%
Songs Talking away / I don't know what I'm to say / I'll say it anyway / Today is another day to find you / Shying away Song Take On Me
54%
Songs No New Year's Day to celebrate / No chocolate-covered candy hearts to give away / No first of spring, no song to sing Artist(s) Stevie Wonder
51%
Songs Lying in my bed, I hear the clock tick and think of you / Caught up in circles, confusion is nothing new Artist(s) Cyndi Lauper
50%
Songs I get up in the evening / And I ain't got nothing to say / I come home in the morning / I go to bed feeling the same way Song Dancing In The Dark
49%
Songs I gotta take a little time / A little time to think things over / I better read between the lines / In case I need it when I'm older Artist(s) Foreigner
49%
Songs No New Year's Day to celebrate / No chocolate-covered candy hearts to give away / No first of spring, no song to sing Song I Just Called To Say I Love You
49%
Songs I gotta take a little time / A little time to think things over / I better read between the lines / In case I need it when I'm older Song I Want To Know What Love Is
49%
Songs Lying in my bed, I hear the clock tick and think of you / Caught up in circles, confusion is nothing new Song Time After Time
49%
Songs I can't fight this feeling any longer / And yet I'm still afraid to let it flow / What started out as friendship, has grown stronger Song Can't Fight This Feeling
46%
Songs Dig if you will the picture / Of you and I engaged in a kiss / The sweat of your body covers me / Can you my darling Artist(s) Prince
46%
Songs I can't fight this feeling any longer / And yet I'm still afraid to let it flow / What started out as friendship, has grown stronger Artist(s) REO Speedwagon
44%
Songs I've been alone with you / Inside my mind / And in my dreams I've kissed your lips / A thousand times Artist(s) Lionel Richie
39%
Songs Dig if you will the picture / Of you and I engaged in a kiss / The sweat of your body covers me / Can you my darling Song When Doves Cry
39%
Songs I've been alone with you / Inside my mind / And in my dreams I've kissed your lips / A thousand times Song Hello
38%
Songs You must understand though the touch of your hand / Makes my pulse react / That it's only the thrill of boy meeting girl / Opposites attract Artist(s) Tina Turner
35%
Songs Been working so hard / I'm punching my card / Eight hours for what / Oh, tell me what I got / I've got this feeling / That times are holding me down Song Footloose
34%
Songs You must understand though the touch of your hand / Makes my pulse react / That it's only the thrill of boy meeting girl / Opposites attract Song What's Love Got To Do With It
33%
Songs Been working so hard / I'm punching my card / Eight hours for what / Oh, tell me what I got / I've got this feeling / That times are holding me down Artist(s) Kenny Loggins
32%
No matching quizzes found
Score Distribution
Percent of People with Each Score
Percentile by Number Answered
Your Score History
You have not taken this quiz